000 00433nam a2200181Ia 4500
001 2194
005 20260306143824.0
008 260306t2019||||xx |||||||||||||| ||spa||
041 _aESP
082 _a616.024
_bS754
100 _aSmith, Mindy A.,
_eAUT
245 0 _aFundamentos de medicina familiar
260 _c2019
300 _axviii, 500 páginas :
_c23 cm.
650 _aGEN
654 _aCCS
942 _cLIB
_dJUS
_fJUS
_2ddc
_n
999 _c2194
_d2194